000 00437nam a2200169Ia 4500
005 20250423100940.0
008 250422s9999 xx 000 0 und d
020 _a9781783322053
050 _aQA 76.9.S63 .P73/
100 _aPratihar, Dilip K.
245 0 _aSoft computing : fundamentals and applications
260 _aOxford
260 _bAlpha Science International Limited.
260 _c2015
300 _a273 p
942 _cBK
999 _c34832
_d34832